01426nam a2200385 a 4500999001500000001001900015003000400034005001700038008004100055015001600096017004600112020001500158035003900173035002500212035002300237035002100260040002300281080003000304100002300334245014600357260003200503300002000535500001600555630004900571650004200620650002700662650003200689655002200721700002600743907007000769908003900839940000700878942001300885952014200898 c7538d7538991022772199706706OSt20211215141850.0040126s2003 spc|||||| 000 |ccat  aLL20042bnc aDL B. 48936-2003bBiblioteca de Catalunya a8475845150 a(ES-BaCBU)b30722238-34csuc_network a(ES-BaCBU).b30722238 a(ccuc001)b30722238 a(OCoLC)806449294 aES-BaBCbcatcCDMR a929(467.1)(047.53):804.991 aTubau, Iván949412aL'Entrevista de personatge a la televisió :bllenguatge periodístic i català col·loquial /cIvan Tubau ; [pròleg de Llorenç Gomis] aBarcelona :bLaertes,c2003 a278 p. ;c23 cm aAl llom: 28 094762aDivan d'Ivan (Programa de televisió) 0aIntervius televisius94640zCatalunya 7aCatalà parlat2lemac 7aCatalansxIntervius.2lemac 7aEntrevistes2thub1 9492aGomis, Llorenç a.b30722238b18-06-21c08-05-08d07-05-08emfag-hcatispcj2k5 aBCaUABaURVaURLaUJIaGCDGPLaUB aBC 2udccMON 00104071aCDMRbCDMRd2021-12-15eDonacióg349.00l0oDk 4/11pCDMR21120074r2021-12-15w2021-12-15yMONzExemplar signat per l'autor